Martin Scorsese Movies by Image - Statistics

General Stats
  • This quiz has been taken 42 times
  • The average score is 13 of 26
Answer Stats
Picture Answer % Correct
Goodfellas
88%
Raging Bull
85%
The Wolf of Wall Street
85%
The Irishman
82%
Gangs of New York
76%
The Aviator
76%
Hugo
70%
Taxi Driver
70%
The Departed
70%
Cape Fear
61%
Shutter Island
61%
Killers of the Flower Moon
55%
Mean Streets
52%
Casino
45%
The Color of Money
42%
The King of Comedy
42%
The Last Temptation of Christ
39%
Kundun
36%
Silence
33%
After Hours
27%
New York, New York
27%
The Age of Innocence
27%
Boxcar Bertha
21%
Bringing Out the Dead
21%
Alice Doesn't Live Here Anymore
18%
Who's That Knocking at My Door
12%
No matching quizzes found
Score Distribution
Percent of People with Each Score
Percentile by Number Answered
Your Score History
You have not taken this quiz